000 00725nam a2200253 i 4500
001 C2-0309459
003 PPAK
005 20180728100528.0
008 110530s2005 my |||| ||||| | may d
020 _a9832891493
040 _aPPAK
_beng
_cPPAK
_erda
082 0 4 _a297.3822
_223
090 0 0 _a297.3822
_bMOH
_dKMI
100 0 _aMohamad Jajuli Abd Rahman,
_eauthor
245 1 0 _aSolat-solat sunat :
_bhikmah dan cara
264 1 _aCheras, Selangor :
_bWholesale-Mart Business Point ,
_c2005
300 _a87 pages ;
_c18 cm
336 _2rdacontent
_atext
337 _2rdamedia
_aunmediated
338 _2rdacarrier
_avolume
650 1 0 _aPrayer - Islam
700 0 _aShamsudin Othman,
_eeditor
942 _ddc
_cB
999 _c111999
_d111999